000 00724nam a22001817a 4500
003 OSt
005 20250830021755.0
008 250830b |||||||| |||| 00| 0 eng d
020 _a9780876594087
040 _aDWC-Main Lib.
_cOC
100 _aSIMON, FRAN
245 _aDigital decisions :
_bchoosing the right technology tools for early childhood education/
_cSIMON, FRAN
260 _aLewisville, NC :
_bGryphon House,
_cc2012.
300 _a192 pages :
_bcolor illustrations ;
_c28 cm.
504 _aIncludes index.
650 _a1. Early childhood education--Computer-assisted instruction. 2. Computers and children. 3. Educational technology. I. Nemeth, Karen. II. Title.
942 _2ddc
_cBK-CIRC
_hCirc.
_n0
999 _c4394
_d4394